[Event "GER-ch Schools U18 Girls"]
[White "Scherf, Anna Maria"]
[Black "Schaetz, Bianca"]
[Site "Germany"]
[Round "5.3"]
[Result "0-1"]
[Date "2009.05.17"]
[WhiteElo "800"]
[BlackElo "1458"]
[PlyCount "108"]
[EventDate "2009.05.16"]
[EventType "team-swiss"]
[EventRounds "7"]
[EventCountry "GER"]
[SourceTitle "EXT 2011"]
[Source "ChessBase"]
[SourceDate "2010.11.26"]
[SourceVersion "1"]
[SourceVersionDate "2010.11.26"]
[SourceQuality "1"]
[WhiteTeam "Jever (W)"]
[BlackTeam "Arnstadt StG (W)"]
[WhiteTeamCountry "GER"]
[BlackTeamCountry "GER"]

1. e4 c5 2. Nc3 Nc6 3. Bb5 Nd4 4. Bc4 e6 5. Nf3 Nc6 6. d3 Nge7 7. Bg5 Na5 8. Ne5 Nxc4 9. Nxc4 d5 10. exd5 exd5 11. Nd2 f6 12. Bf4 Ng6 13. Bg3 a6 14. Qf3 Be6 15. 0-0 Be7 16. Rfe1 Bf7 17. Rab1 0-0 18. b4 cxb4 19. Ne2 Qd7 20. Nf4 Nxf4 21. Qxf4 Rac8 22. Rbc1 Rfe8 23. Qh4 Qa4 24. h3 Rxc2 25. Rxc2 Qxc2 26. Nf3 Qxa2 27. Qg4 b3 28. Rxe7 Rxe7 29. Qc8+ Re8 30. Qxb7 Qa1+ 31. Kh2 b2 32. Nd2 Re1 33. Bf4 b1Q 34. Nxb1 Qxb1 35. Qxb1 Rxb1 36. d4 a5 37. Bd6 a4 38. g4 Rb3 39. h4 a3 40. Bxa3 Rxa3 41. h5 g6 42. hxg6 Bxg6 43. Kg2 Be4+ 44. Kh2 Kg7 45. Kg1 Ra2 46. Kf1 Kg6 47. Ke1 Kg5 48. Kd1 Rxf2 49. Ke1 Rg2 50. Kf1 Kf4 51. Ke1 Ke3 52. Kd1 Rc2 53. g5 fxg5 54. Ke1 Rc1# 0-1

[Event "GER-ch Schools U18 Girls"]
[White "Scherf, Anna Maria"]
[Black "Teege, Laura"]
[Site "Germany"]
[Round "1.3"]
[Result "1-0"]
[Date "2009.05.16"]
[WhiteElo "800"]
[BlackElo "800"]
[PlyCount "115"]
[EventDate "2009.05.16"]
[EventType "team-swiss"]
[EventRounds "7"]
[EventCountry "GER"]
[SourceTitle "EXT 2011"]
[Source "ChessBase"]
[SourceDate "2010.11.26"]
[SourceVersion "1"]
[SourceVersionDate "2010.11.26"]
[SourceQuality "1"]
[WhiteTeam "Jever (W)"]
[BlackTeam "Luebeck Trave (W)"]
[WhiteTeamCountry "GER"]
[BlackTeamCountry "GER"]

1. e3 e5 2. Nf3 Nc6 3. Bb5 a6 4. Bxc6 dxc6 5. Nxe5 Nh6 6. 0-0 Bd6 7. Nc4 Be7 8. b3 0-0 9. Bb2 Bg4 10. f3 Bh5 11. Qe1 Nf5 12. e4 Nd4 13. Bxd4 Qxd4+ 14. Qf2 Qxa1 15. Nc3 Qxf1+ 16. Qxf1 b5 17. g4 Bg6 18. Ne5 b4 19. Nxc6 Rae8 20. Nd5 Bc5+ 21. Kg2 f6 22. Qc4 Bd6 23. Ndxb4+ Bf7 24. Qxa6 Bxb4 25. Nxb4 Rd8 26. d3 Ra8 27. Qc6 Rac8 28. Nd5 Be8 29. Qe6+ Bf7 30. Qd7 Rfd8 31. Qe7 c6 32. Nf4 Ra8 33. a4 Re8 34. Qc5 Rac8 35. b4 h6 36. c4 g5 37. Nh5 Bxh5 38. gxh5 Re6 39. Qf5 Re5 40. Qxc8+ Kf7 41. b5 cxb5 42. axb5 Re8 43. Qd7+ Re7 44. Qf5 Re5 45. Qg6+ Ke6 46. d4 Rxb5 47. cxb5 Kd6 48. Qxf6+ Kc7 49. b6+ Kb7 50. d5 Ka6 51. d6 Kb7 52. d7 Ka6 53. d8Q Kb5 54. Qd5+ Kb4 55. Qfd4+ Ka3 56. Q5c5+ Ka2 57. Qdb4 Ka1 58. Qca5# 1-0